00826na a2200265 450000100060000000300080000600500170001400800410003104000250007204100080009708200290010524500950013424600280022924600310025724600250028824600250031324600220033826000240036030000180038449000400040260000400044261000340048274000240051683000200054022855MIRAKIL20181213155254.0170228b tu 000 0  aMilasbturcTR-AnCHP atur aCHP 324.2372bB29 [2005] aBaykal "CHP", CHP "Baykal", Baykal "Türkiye", Türkiye "CHP" dedi...c[hazırlayan] CHP aTürkiye "CHP" dedi... aBaykal "Türkiye" dedi... aCHP "Baykal" dedi... aBaykal "CHP" dedi... aCHP kurultayları aAnkarabCHPc[2005] a45 s.c30 sm. aCumhuriyet Halk Partisi yayınları aBaykal, DenizxSiyaset ve yönetim aCHPxKurultaylar, 2005yTarih a2005 CHP kurultayı aCHP yayınları